[Event "Kasseler Schachtage Gruppe A"]
[Site "Vellmar"]
[Date "2009.07.30"]
[Round "1.1"]
[White "Markgraf, Alexander"]
[Black "Ruff, Maximilian"]
[Result "1-0"]
[WhiteElo "2463"]
[BlackElo "1986"]
[PlyCount "89"]
[EventDate "2009.??.??"]
[EventCountry "GER"]
[WhiteTeam "SC Tempo Göttingen"]
[BlackTeam "SC Brandeck-Turm Ohlsbach e.V."]

1. e4 e5 2. Bc4 Nc6 3. Nf3 Bc5 4. c3 Nf6 5. d3 O-O 6. Bb3 d5 7. exd5 Nxd5 8.
O-O Bg4 9. h3 Bh5 10. Re1 Nb6 11. Qe2 Qf6 12. Nbd2 Kh8 13. g4 Bg6 14. Ne4 Qe7
15. Nxc5 Qxc5 16. Nxe5 Qxe5 17. Qxe5 Nxe5 18. Rxe5 Bxd3 19. Be3 f6 20. Re7 Rac8
21. Rd1 Be2 22. Rd2 Bb5 23. Bf4 Na8 24. Bd5 Bc6 25. Bxc6 bxc6 26. Re6 f5 27. g5
Rfe8 28. Rde2 Rxe6 29. Rxe6 Rb8 30. Be5 Kg8 31. Re7 Kf8 32. Rd7 Nb6 33. Rxc7
Nd5 34. Rxa7 Rxb2 35. c4 Rb1+ 36. Kg2 Ne7 37. Bd6 Re1 38. Kf3 Ke8 39. Rxe7+
Rxe7 40. Bxe7 Kxe7 41. Kf4 Kd6 42. a4 g6 43. a5 c5 44. h4 Kc6 45. Ke5 1-0

[Event "Kasseler Schachtage Gruppe A"]
[Site "Vellmar"]
[Date "2009.07.30"]
[Round "1.2"]
[White "Röhle, Timo"]
[Black "Lüchtemeier, Peter"]
[Result "1/2-1/2"]
[WhiteElo "1983"]
[BlackElo "2279"]
[PlyCount "83"]
[EventDate "2009.??.??"]
[EventCountry "GER"]
[WhiteTeam "Schachclub Schalksmühle-Hülschei"]
[BlackTeam "Kasseler SK 1876"]

1. e4 c6 2. d4 d5 3. f3 e6 4. Nc3 Bb4 5. Bd3 Nf6 6. e5 Nfd7 7. a3 Be7 8. Nce2
c5 9. c3 Nc6 10. f4 Qb6 11. Nf3 f6 12. b4 cxd4 13. cxd4 a6 14. Bb2 O-O 15. Rc1
Rf7 16. Bb1 g6 17. Nc3 Qa7 18. Nxd5 exd5 19. e6 Rf8 20. exd7 Bxd7 21. O-O Qb8
22. Qb3 Qd6 23. Nd2 Rad8 24. Ne4 Qe6 25. Nc5 Bxc5 26. dxc5 d4 27. Qd3 Qd5 28.
Qf3 Qxf3 29. Rxf3 Bg4 30. Ba2+ Kg7 31. Rd3 Rfe8 32. Rd2 Re4 33. h3 Re2 34. Rcd1
Rxd2 35. Rxd2 Bf5 36. Kf2 h5 37. Bb3 Be4 38. g4 hxg4 39. hxg4 Rh8 40. Kg3 Rd8
41. Ba4 Kf7 42. Bxc6 1/2-1/2

[Event "Kasseler Schachtage Gruppe A"]
[Site "Vellmar"]
[Date "2009.07.30"]
[Round "1.3"]
[White "Kartsev, Soel"]
[Black "Braun, Ingram"]
[Result "1-0"]
[WhiteElo "2243"]
[BlackElo "1972"]
[PlyCount "107"]
[EventDate "2009.??.??"]
[EventCountry "GER"]
[WhiteTeam "Schachfreunde Brackel 1930 e.V."]
[BlackTeam "ESV Rot-Weiß Göttingen"]

1. e4 c5 2. c3 Nf6 3. e5 Nd5 4. d4 cxd4 5. cxd4 e6 6. Nf3 d6 7. Bc4 Nc6 8. O-O
Be7 9. Qe2 O-O 10. Re1 Qc7 11. Nc3 Nxc3 12. bxc3 Bd7 13. Bd3 f5 14. exf6 Bxf6
15. Qe4 g6 16. Bh6 Rf7 17. h4 Ne7 18. Rab1 Rb8 19. c4 Qc6 20. Qe2 Nf5 21. d5
exd5 22. cxd5 Qa4 23. Bc2 Qg4 24. Rxb7 Rd8 25. Bxf5 Qxf5 26. Qd2 Be8 27. Rb4
Bg7 28. Rbe4 Bxh6 29. Qxh6 Bd7 30. R1e2 Bb5 31. Re1 Bd7 32. Qg5 Rdf8 33. Re7
Kg7 34. Rxf7+ Rxf7 35. Qxf5 Bxf5 36. Nd4 Rb7 37. f3 Kf7 38. g4 Bd7 39. Kf2 Rb2+
40. Re2 Rb4 41. Ke3 h6 42. Rc2 Ra4 43. g5 h5 44. Rb2 Ra5 45. Rb7 Ke8 46. Rb8+
Kf7 47. Rd8 Ke7 48. Rg8 Kf7 49. Rh8 Ra3+ 50. Ke4 Ra4 51. Rh7+ Ke8 52. Ke3 Ra3+
53. Ke4 Ra4 54. Rg7 1-0

[Event "Kasseler Schachtage Gruppe A"]
[Site "Vellmar"]
[Date "2009.07.30"]
[Round "1.4"]
[White "Schröder, Klaus"]
[Black "Heinelt, Manfred"]
[Result "0-1"]
[WhiteElo "1966"]
[BlackElo "2233"]
[PlyCount "40"]
[EventDate "2009.??.??"]
[EventCountry "GER"]
[WhiteTeam "Karlsruher SF 1853"]
[BlackTeam "Ahnataler SC 1969 e.V. (ASC69)"]

1. d4 Nf6 2. Nf3 c5 3. e3 e6 4. c4 b6 5. Nc3 Bb7 6. Be2 Be7 7. O-O O-O 8. b3 d6
9. Bb2 Nbd7 10. d5 exd5 11. cxd5 a6 12. a4 Re8 13. Qd3 Bf8 14. Rfd1 g6 15. Rab1
Bg7 16. e4 Qe7 17. Nd2 Rac8 18. f3 Nh5 19. g4 Nf4 20. Qe3 Bd4 0-1

[Event "Kasseler Schachtage Gruppe A"]
[Site "Vellmar"]
[Date "2009.07.30"]
[Round "1.5"]
[White "Haucke, Alexander"]
[Black "Fankhaenel, Torsten"]
[Result "1-0"]
[WhiteElo "2210"]
[BlackElo "1953"]
[PlyCount "59"]
[EventDate "2009.??.??"]
[EventCountry "GER"]
[WhiteTeam "Delmenhorster SK V 1931"]
[BlackTeam "SV Anderssen Arolsen"]

1. Nf3 Nf6 2. c4 e6 3. Nc3 b6 4. e4 Bb7 5. e5 Ne4 6. Nxe4 Bxe4 7. Be2 Be7 8.
O-O O-O 9. d4 d5 10. Nd2 Bg6 11. cxd5 exd5 12. f4 Be4 13. Nxe4 dxe4 14. Be3 f5
15. Rc1 Nd7 16. b4 Kh8 17. Qb3 a5 18. b5 Rc8 19. Rc6 Nb8 20. Rc3 Bb4 21. Rc2
Qe7 22. Rfc1 g5 23. Bc4 gxf4 24. Bxf4 Ba3 25. Rd1 Bb4 26. Qg3 Nd7 27. Bg5 Qe8
28. Bh6 Rf7 29. Bxf7 Qxf7 30. e6 1-0

[Event "Kasseler Schachtage Gruppe A"]
[Site "Vellmar"]
[Date "2009.07.30"]
[Round "1.6"]
[White "Hagedorn, Alfons"]
[Black "Cherny, Andrey"]
[Result "0-1"]
[WhiteElo "1953"]
[BlackElo "2204"]
[PlyCount "82"]
[EventDate "2009.??.??"]
[EventCountry "GER"]
[WhiteTeam "LSV Turm Lippstadt"]
[BlackTeam "SK Baunatal 1963"]

1. e4 c5 2. Nf3 d6 3. Bb5+ Nc6 4. d4 cxd4 5. Bxc6+ bxc6 6. Qxd4 e5 7. Qa4 Qc7
8. Nc3 Bd7 9. O-O h6 10. Be3 Nf6 11. Qc4 Be6 12. Qe2 Be7 13. Rad1 O-O 14. Bc1
Rad8 15. h3 Nh7 16. Nh2 f5 17. f4 fxe4 18. Nxe4 d5 19. Nf2 e4 20. Nfg4 Qb6+ 21.
Kh1 Bc8 22. Ne5 Bc5 23. c4 Nf6 24. Nhg4 Bf5 25. Nxf6+ Rxf6 26. Qh5 e3 27. Rf3
d4 28. Rg3 d3 29. Ng4 Bxg4 30. Qxg4 Rf7 31. Bxe3 Bxe3 32. Qe6 Bxf4 33. Rf3 c5
34. Qg4 Qc7 35. Rfxd3 Rxd3 36. Rxd3 Be5 37. Qe2 Bd4 38. Qe6 Qf4 39. Rf3 Qc1+
40. Kh2 Qg1+ 41. Kg3 Bf2+ 0-1

[Event "Kasseler Schachtage Gruppe A"]
[Site "Vellmar"]
[Date "2009.07.30"]
[Round "1.7"]
[White "Jaeschke, Benno"]
[Black "Stährfeldt, Philipp"]
[Result "1-0"]
[WhiteElo "2202"]
[BlackElo "1932"]
[PlyCount "109"]
[EventDate "2009.??.??"]
[EventCountry "GER"]
[WhiteTeam "SK 1947 Sandhausen e.V."]
[BlackTeam "Kasseler SK 1876"]

1. d4 f5 2. g4 d5 3. g5 Nc6 4. Bg2 e6 5. h4 Bd6 6. e3 b6 7. c4 Bb4+ 8. Nc3 Bb7
9. cxd5 exd5 10. Bd2 Nge7 11. Nge2 Qd7 12. Nf4 Nd8 13. Qb3 Bxc3 14. Bxc3 Ne6
15. Nd3 O-O-O 16. Ne5 Qe8 17. f4 h6 18. Kf2 Ng6 19. Qc2 Nxe5 20. dxe5 g6 21. a4
d4 22. Bd2 Bxg2 23. Kxg2 h5 24. a5 Kb7 25. Rhc1 Rh7 26. axb6 cxb6 27. Qc4 dxe3
28. Qa6+ Kb8 29. Bxe3 Qd7 30. Kf2 Qb7 31. Qc4 Qd5 32. Qxd5 Rxd5 33. Rc6 Re7 34.
Rac1 Rdd7 35. Rc8+ Kb7 36. Rg8 Rg7 37. Rcc8 Rxg8 38. Rxg8 Rg7 39. Re8 Nc7 40.
Rf8 Kc6 41. Ke2 Ne6 42. Rc8+ Kd7 43. Rc3 Kd8 44. Rc6 Re7 45. Rd6+ Kc7 46. b4
Re8 47. Bd2 Re7 48. Kd1 Re8 49. Kc2 Re7 50. Kc3 Re8 51. Kc4 Kb7 52. Be3 Kb8 53.
Kd5 Nc7+ 54. Kc6 Ne6 55. Rxe6 1-0

[Event "Kasseler Schachtage Gruppe A"]
[Site "Vellmar"]
[Date "2009.07.30"]
[Round "1.8"]
[White "Jäger, Frank"]
[Black "Just, Wolfgang"]
[Result "0-1"]
[WhiteElo "1902"]
[BlackElo "2173"]
[PlyCount "128"]
[EventDate "2009.??.??"]
[EventCountry "GER"]
[WhiteTeam "SC Grauer Turm Fritzlar"]
[BlackTeam "SV Lok Leipzig-Mitte"]

1. d4 e6 2. Nf3 f5 3. g3 b6 4. Bg2 Bb7 5. O-O Nf6 6. c4 Be7 7. Nbd2 O-O 8. Qc2
Na6 9. a3 c5 10. e3 Qe8 11. b3 Qh5 12. Qd1 Rad8 13. Bb2 Ne4 14. Nxe4 Bxe4 15.
Nd2 Qxd1 16. Raxd1 Bd3 17. Rfe1 Bf6 18. Ba1 d5 19. Bf1 Bxf1 20. Kxf1 g5 21. Nf3
g4 22. Ne5 Bxe5 23. dxe5 dxc4 24. bxc4 Kf7 25. Ke2 Ke7 26. f3 gxf3+ 27. Kxf3
Nb8 28. Bc3 Nc6 29. Ke2 Rxd1 30. Rxd1 Rd8 31. Rxd8 Kxd8 32. Kd3 Kd7 33. e4 a6
34. Ke3 b5 35. cxb5 axb5 36. exf5 exf5 37. Kf4 Ke6 38. h4 h6 39. h5 b4 40. axb4
cxb4 41. Bb2 Na5 42. g4 fxg4 43. Kxg4 b3 44. Kf4 Nc4 45. Bc3 b2 46. Bxb2 Nxb2
47. Ke4 Nc4 48. Kf4 Nxe5 49. Ke4 Kf6 50. Kf4 Nf7 51. Kg4 Ke5 52. Kg3 Kf5 53.
Kh4 Ne5 54. Kg3 Kg5 55. Kh3 Kxh5 56. Kg3 Kg5 57. Kh3 h5 58. Kg3 h4+ 59. Kh3 Nd3
60. Kg2 Kg4 61. Kh2 h3 62. Kg1 Kg3 63. Kh1 Nf2+ 64. Kg1 h2+ 0-1

[Event "Kasseler Schachtage Gruppe A"]
[Site "Vellmar"]
[Date "2009.07.30"]
[Round "1.9"]
[White "Klüting, Reiner"]
[Black "Austein, Hartmut"]
[Result "1/2-1/2"]
[WhiteElo "2082"]
[BlackElo "1895"]
[PlyCount "27"]
[EventDate "2009.??.??"]
[EventCountry "GER"]
[WhiteTeam "Schachverein Wattenscheid 1930"]
[BlackTeam "Ahnataler SC 1969 e.V. (ASC69)"]

1. e4 c5 2. Nf3 Nc6 3. d4 cxd4 4. c3 d5 5. exd5 Qxd5 6. cxd4 e6 7. Nc3 Bb4 8.
Bd2 Qd8 9. Bb5 Bd7 10. O-O Nge7 11. Ne4 O-O 12. Bxb4 Nxb4 13. Bxd7 Qxd7 14. Nc5
1/2-1/2

[Event "Kasseler Schachtage Gruppe A"]
[Site "Vellmar"]
[Date "2009.07.30"]
[Round "1.10"]
[White "Shkolnyk, Boris"]
[Black "Werner, Alexander"]
[Result "0-1"]
[WhiteElo "1886"]
[BlackElo "2080"]
[PlyCount "96"]
[EventDate "2009.??.??"]
[EventCountry "GER"]
[WhiteTeam "Sfr. Korbach"]
[BlackTeam "SC 1947 Immenhausen"]

1. d4 Nf6 2. c4 g6 3. Nc3 Bg7 4. e4 d6 5. Be2 Nc6 6. Be3 e5 7. d5 Ne7 8. Qd2
Nfg8 9. f3 f5 10. Bd3 f4 11. Bf2 Nf6 12. Nge2 O-O 13. b4 g5 14. Nc1 Ng6 15. Be2
h5 16. Nb3 Kh7 17. a4 Bh6 18. Qc2 g4 19. c5 gxf3 20. gxf3 Bh3 21. Qd3 Rg8 22.
Na5 Bc8 23. Nc4 Bf8 24. a5 h4 25. Rb1 Bh3 26. Bf1 Qc8 27. Rg1 Be7 28. Rc1 Qd7
29. Nd2 Rg7 30. Qb5 c6 31. dxc6 bxc6 32. Bxh3 Qxh3 33. Qb7 Rd8 34. Ke2 dxc5 35.
bxc5 Bxc5 36. Qxc6 Bxf2 37. Qxf6 Rxd2+ 38. Kxd2 Be3+ 39. Kd3 Bxc1 40. Rxc1
Qxf3+ 41. Kc4 Qe3 42. Rc2 Qd4+ 43. Kb3 Rb7+ 44. Ka2 Qb4 45. Qa6 Qb3+ 46. Ka1
Rc7 47. Qd3 Qa3+ 48. Ra2 Qxc3+ 0-1

[Event "Kasseler Schachtage Gruppe A"]
[Site "Vellmar"]
[Date "2009.07.30"]
[Round "1.11"]
[White "Kartsev, Alexandr"]
[Black "Powalla, Klaus"]
[Result "1-0"]
[WhiteElo "2067"]
[BlackElo "1885"]
[PlyCount "90"]
[EventDate "2009.??.??"]
[EventCountry "GER"]
[WhiteTeam "Schachfreunde Brackel 1930 e.V."]
[BlackTeam "SV CAISSA e. V. Kassel"]

1. d4 g6 2. e4 Bg7 3. Nc3 d6 4. Be3 Nd7 5. Qd2 e6 6. O-O-O a6 7. f4 Ne7 8. Nf3
b5 9. d5 Nf6 10. a3 exd5 11. exd5 Bb7 12. Bd4 O-O 13. Bd3 Nexd5 14. Nxd5 Bxd5
15. f5 c5 16. Bc3 Be4 17. Qf4 d5 18. Bxe4 Nxe4 19. Bxg7 Kxg7 20. Qe5+ Nf6 21.
g4 Re8 22. Qc3 Kg8 23. Qxc5 Rc8 24. Qg1 Qc7 25. Nd4 Re4 26. c3 Nxg4 27. Rd3
Rce8 28. h3 Re1+ 29. Qxe1 Rxe1+ 30. Rxe1 Nf2 31. Rf3 Ne4 32. fxg6 hxg6 33. Ref1
f5 34. Rh1 Qe5 35. h4 Nf6 36. Rg1 Kf7 37. Rfg3 Ng4 38. h5 gxh5 39. Rf3 Nh6 40.
Rg5 Qe1+ 41. Kc2 h4 42. Kb3 Qe7 43. Rh5 Kg6 44. Rxh6+ Kg5 45. Rxh4 Qc7 1-0

[Event "Kasseler Schachtage Gruppe A"]
[Site "Vellmar"]
[Date "2009.07.30"]
[Round "1.12"]
[White "Calci, Fiorino"]
[Black "Müller, Joachim"]
[Result "1-0"]
[WhiteElo "1884"]
[BlackElo "2058"]
[PlyCount "45"]
[EventDate "2009.??.??"]
[EventCountry "GER"]
[WhiteTeam "SK 1950 Vellmar"]
[BlackTeam "Mündener SC von 1925"]

1. d4 Nf6 2. Nf3 g6 3. c4 Bg7 4. Nc3 d6 5. e4 Bg4 6. Be2 O-O 7. O-O Nbd7 8. b4
c5 9. Rb1 cxd4 10. Nxd4 Bxe2 11. Ndxe2 Rc8 12. Qb3 Nb6 13. c5 dxc5 14. bxc5
Rxc5 15. Be3 Rc6 16. Nd4 Rc4 17. Rfd1 Qc8 18. Nde2 Nfd7 19. Rbc1 Bxc3 20. Nxc3
Qc6 21. Nd5 Qa4 22. Nxe7+ Kg7 23. Rxc4 1-0

[Event "Kasseler Schachtage Gruppe A"]
[Site "Vellmar"]
[Date "2009.07.30"]
[Round "1.13"]
[White "Konczak, Carsten"]
[Black "Wiese, Uwe"]
[Result "1-0"]
[WhiteElo "2045"]
[BlackElo "1837"]
[PlyCount "75"]
[EventDate "2009.??.??"]
[EventCountry "GER"]
[WhiteTeam "SV Bückeburg"]
[BlackTeam "SK Goslar"]

1. f4 d5 2. Nf3 g6 3. e3 Bg7 4. g3 Nh6 5. Bg2 O-O 6. O-O c5 7. d4 Qd6 8. c3 Bg4
9. h3 Bf5 10. Ng5 f6 11. dxc5 Qxc5 12. Qxd5+ Qxd5 13. Bxd5+ e6 14. Bxb7 fxg5
15. Bxa8 Bxh3 16. Rd1 gxf4 17. exf4 Nf5 18. Kh2 Bg4 19. Re1 e5 20. Na3 Nd7 21.
Bd5+ Kh8 22. Nc4 exf4 23. Bxf4 Nf6 24. Be6 Nh5 25. Bd6 Nxd6 26. Nxd6 Bxe6 27.
Rxe6 Bh6 28. Re8 Rxe8 29. Nxe8 Kg8 30. Rf1 Bg5 31. c4 Be7 32. g4 Ng7 33. Nxg7
Kxg7 34. a3 a5 35. Rd1 Bc5 36. Rd5 Bb6 37. Kg2 Kf8 38. c5 1-0

[Event "Kasseler Schachtage Gruppe A"]
[Site "Vellmar"]
[Date "2009.07.30"]
[Round "1.14"]
[White "Sivaji, Siva"]
[Black "Fichte, Wolfgang"]
[Result "0-1"]
[WhiteElo "1812"]
[BlackElo "2035"]
[PlyCount "44"]
[EventDate "2009.??.??"]
[EventCountry "GER"]
[WhiteTeam "SK Luzern"]
[BlackTeam "SK 1950 Vellmar"]

1. d4 d5 2. c4 e6 3. Nc3 f5 4. Bf4 c6 5. e3 Nf6 6. cxd5 exd5 7. Bd3 Bd6 8. Bxd6
Qxd6 9. Qc2 O-O 10. Nf3 Ne4 11. Ne5 Nd7 12. f4 Nxe5 13. dxe5 Qc5 14. Ke2 Qe7
15. Bxe4 fxe4 16. h3 b6 17. Rag1 Ba6+ 18. Kd1 Rad8 19. Kc1 Bd3 20. Qf2 Qxe5 21.
Qh4 Qf6 22. Qh5 d4 0-1

[Event "Kasseler Schachtage Gruppe A"]
[Site "Vellmar"]
[Date "2009.07.30"]
[Round "1.15"]
[White "Faynberg, Roman"]
[Black "Jaeschke, Felix"]
[Result "1-0"]
[WhiteElo "2026"]
[BlackElo "1809"]
[PlyCount "77"]
[EventDate "2009.??.??"]
[EventCountry "GER"]
[WhiteTeam "SC Fuldatal"]
[BlackTeam "SK 1947 Sandhausen e.V."]

1. e4 Nf6 2. e5 Nd5 3. d4 d6 4. exd6 cxd6 5. c3 g6 6. Bc4 Nf6 7. Qb3 d5 8. Bb5+
Nc6 9. Nf3 a6 10. Bxc6+ bxc6 11. Ne5 Qd6 12. Qb6 Bd7 13. Qb7 Qb8 14. Qxb8+ Rxb8
15. Nd2 Ng4 16. Nxd7 Kxd7 17. Nb3 e6 18. f3 Nf6 19. Bf4 Rb6 20. Be5 Bg7 21.
Nc5+ Ke7 22. O-O-O Ne8 23. Bf4 h5 24. Kc2 Bf6 25. Rhe1 Nd6 26. Re2 g5 27. Bg3
h4 28. Bxd6+ Kxd6 29. Rde1 Re8 30. g3 hxg3 31. hxg3 a5 32. b3 Rbb8 33. Rh1 e5
34. Rh6 exd4 35. Rxe8 Rxe8 36. cxd4 Ke7 37. Kd3 Rd8 38. g4 Rb8 39. Rxf6 1-0

[Event "Kasseler Schachtage Gruppe A"]
[Site "Vellmar"]
[Date "2009.07.30"]
[Round "1.16"]
[White "Schein, Henning"]
[Black "Löwe, Lennard"]
[Result "0-1"]
[WhiteElo "1787"]
[BlackElo "2018"]
[PlyCount "108"]
[EventDate "2009.??.??"]
[EventCountry "GER"]
[WhiteTeam "SC 1947 Immenhausen"]
[BlackTeam "HSK-Post Hannover"]

1. d4 Nf6 2. c4 e6 3. Nc3 Bb4 4. Qc2 c5 5. dxc5 O-O 6. a3 Bxc5 7. Nf3 a6 8. Bg5
Nc6 9. e3 Be7 10. Be2 Qc7 11. O-O b6 12. Rfd1 Bb7 13. Rd2 Rac8 14. Rad1 Rfd8
15. Bxf6 Bxf6 16. Ne4 Be7 17. Nd6 Bxd6 18. Rxd6 Na5 19. Ng5 g6 20. Qd2 h6 21.
Nf3 Bd5 22. Rxd5 exd5 23. cxd5 Nb3 24. Qd3 Nc1 25. Qxa6 Qc2 26. Rd2 Nxe2+ 27.
Qxe2 Qb1+ 28. Rd1 Rc1 29. Rxc1 Qxc1+ 30. Ne1 Rc8 31. Kf1 Qb1 32. f3 Rc1 33. Kf2
Kg7 34. e4 Rd1 35. h3 Kf8 36. h4 Qc1 37. Nd3 Qd2 38. Nf4 g5 39. hxg5 hxg5 40.
Qxd2 Rxd2+ 41. Ke1 Rxb2 42. Nd3 Rxg2 43. Ne5 Ke7 44. Nc4 b5 45. Nb6 Rc2 46. Kd1
Rc3 47. a4 bxa4 48. Nxa4 Rxf3 49. Ke2 Ra3 50. Nb6 g4 51. d6+ Ke6 52. e5 Ra2+
53. Kf1 Rb2 54. Nc4 Rb4 0-1

[Event "Kasseler Schachtage Gruppe A"]
[Site "Vellmar"]
[Date "2009.07.30"]
[Round "1.17"]
[White "Schnegelsberg, Karl-Heinz"]
[Black "Adomeit, Dmitri"]
[Result "1-0"]
[WhiteElo "2011"]
[BlackElo "1706"]
[PlyCount "89"]
[EventDate "2009.??.??"]
[EventCountry "GER"]
[WhiteTeam "SV CAISSA e. V. Kassel"]
[BlackTeam "Schachclub Schalksmühle-Hülschei"]

1. Nf3 Nf6 2. g3 g6 3. Bg2 Bg7 4. O-O d6 5. d3 O-O 6. e4 e5 7. Nbd2 Ne8 8. c3
c6 9. d4 exd4 10. cxd4 Na6 11. Re1 Nac7 12. b3 Nb5 13. Bb2 Be6 14. a4 Nbc7 15.
Rc1 f5 16. e5 d5 17. Qe2 Bh6 18. Rc3 f4 19. Kh1 Qd7 20. Ng1 Ng7 21. Ndf3 Nh5
22. Ba3 Rf7 23. Bd6 Re8 24. b4 a6 25. b5 axb5 26. Bxc7 Qxc7 27. axb5 g5 28.
Nxg5 Bxg5 29. Qxh5 Qe7 30. bxc6 fxg3 31. Rxg3 Rg7 32. cxb7 Bf7 33. Qf3 Qxb7 34.
e6 Rxe6 35. Rxe6 Bxe6 36. Qd3 Qc7 37. Qb3 Qd8 38. Ne2 Bh6 39. Qb7 Bf7 40. Nc3
Rxg3 41. hxg3 Bg7 42. Nb5 Qg5 43. Bf3 Qd8 44. Kg2 Kh8 45. Qxf7 1-0

[Event "Kasseler Schachtage Gruppe A"]
[Site "Vellmar"]
[Date "2009.07.30"]
[Round "1.18"]
[White "Hagedorn, Florian"]
[Black "Forgach, Andreas"]
[Result "1-0"]
[WhiteElo "1703"]
[BlackElo "1991"]
[PlyCount "91"]
[EventDate "2009.??.??"]
[EventCountry "GER"]
[WhiteTeam "LSV Turm Lippstadt"]
[BlackTeam "Kasseler SK 1876"]

1. e4 c5 2. Nf3 Nc6 3. Bb5 d6 4. O-O Bd7 5. Re1 e5 6. c3 a6 7. Bxc6 Bxc6 8. d4
exd4 9. cxd4 Be7 10. Nc3 Nf6 11. d5 Bb5 12. a4 Bd7 13. e5 O-O 14. exf6 Bxf6 15.
Qc2 Bg4 16. Nd2 Qd7 17. Nde4 Be5 18. h3 Bf5 19. Qd1 Rfe8 20. Nd2 Bd4 21. Rxe8+
Rxe8 22. Nf3 Bf6 23. Be3 h6 24. Qd2 b6 25. Bf4 Kh7 26. Nd1 Be4 27. Nh2 g5 28.
Ng4 Bg7 29. f3 Bg6 30. Bg3 f5 31. Nh2 Bd4+ 32. Bf2 Bg7 33. Nc3 Bf6 34. Re1 Bxc3
35. bxc3 Qxa4 36. Rxe8 Qxe8 37. Qb2 b5 38. Qa3 Qa8 39. Qa5 Qxd5 40. Qxa6 Qd1+
41. Nf1 Qd3 42. Qb7+ Kg8 43. Qc8+ Kg7 44. Qd7+ Bf7 45. Bxc5 Qxc3 46. Qxd6 1-0

[Event "Kasseler Schachtage Gruppe A"]
[Site "Vellmar"]
[Date "2009.07.31"]
[Round "2.1"]
[White "Kartsev, Alexandr"]
[Black "Markgraf, Alexander"]
[Result "0-1"]
[WhiteElo "2067"]
[BlackElo "2463"]
[PlyCount "64"]
[EventDate "2009.??.??"]
[EventCountry "GER"]
[WhiteTeam "Schachfreunde Brackel 1930 e.V."]
[BlackTeam "SC Tempo Göttingen"]

1. e4 c5 2. c3 Nf6 3. e5 Nd5 4. d4 cxd4 5. Nf3 e6 6. cxd4 d6 7. Bc4 Nc6 8. O-O
Be7 9. Qe2 O-O 10. Re1 Na5 11. Bd3 Nb4 12. exd6 Qxd6 13. Nc3 Nxd3 14. Qxd3 Nc6
15. a3 Rd8 16. Be3 b6 17. Rad1 Bb7 18. Ng5 g6 19. Nge4 Qc7 20. Qe2 Na5 21. Bg5
Bxg5 22. Nxg5 Qf4 23. Nge4 Rac8 24. Rd3 Ba6 25. Rf3 Bxe2 26. Rxf4 Bc4 27. Re3
Nc6 28. Nf6+ Kg7 29. Rh3 h6 30. Ng4 Nxd4 31. Ne3 Ba6 32. f3 Rxc3 0-1

[Event "Kasseler Schachtage Gruppe A"]
[Site "Vellmar"]
[Date "2009.07.31"]
[Round "2.2"]
[White "Konczak, Carsten"]
[Black "Kartsev, Soel"]
[Result "1-0"]
[WhiteElo "2045"]
[BlackElo "2243"]
[PlyCount "95"]
[EventDate "2009.??.??"]
[EventCountry "GER"]
[WhiteTeam "SV Bückeburg"]
[BlackTeam "Schachfreunde Brackel 1930 e.V."]

1. f4 d5 2. Nf3 c5 3. e3 Bg4 4. b3 g6 5. Bb2 d4 6. Bb5+ Nc6 7. Bxc6+ bxc6 8. h3
Bxf3 9. Qxf3 Qd7 10. O-O Bg7 11. Na3 Nh6 12. e4 e6 13. Nc4 O-O 14. d3 Rfe8 15.
Rae1 f6 16. Ba3 Bf8 17. Bc1 Nf7 18. e5 f5 19. a4 Be7 20. Re2 h6 21. Kf2 Kh7 22.
Ke1 Qd5 23. Qf2 Rg8 24. h4 g5 25. fxg5 hxg5 26. g4 Nh6 27. gxf5 Nxf5 28. Bxg5
Bxg5 29. hxg5 Rxg5 30. Nd6 Rf8 31. Qh2+ Kg6 32. Rh1 Qxh1+ 33. Qxh1 Ng3 34. Qxc6
Rf1+ 35. Kd2 Nxe2 36. Qe8+ Kh7 37. Kxe2 Rfg1 38. Qxe6 R5g3 39. Qf7+ Kh8 40.
Qf8+ Kh7 41. Qf7+ Kh8 42. Ne4 R1g2+ 43. Nf2 Re3+ 44. Kf1 Rg8 45. Ng4 Rh3 46.
Nf6 Rb8 47. e6 c4 48. e7 1-0

[Event "Kasseler Schachtage Gruppe A"]
[Site "Vellmar"]
[Date "2009.07.31"]
[Round "2.4"]
[White "Fichte, Wolfgang"]
[Black "Haucke, Alexander"]
[Result "0-1"]
[WhiteElo "2035"]
[BlackElo "2210"]
[PlyCount "74"]
[EventDate "2009.??.??"]
[EventCountry "GER"]
[WhiteTeam "SK 1950 Vellmar"]
[BlackTeam "Delmenhorster SK V 1931"]

1. Nf3 Nf6 2. g3 g6 3. Bg2 Bg7 4. O-O O-O 5. d3 d6 6. Nbd2 e5 7. e4 c5 8. a4
Nc6 9. Nc4 h6 10. Bd2 Be6 11. b3 Rb8 12. Nh4 Re8 13. Re1 b6 14. Rb1 a6 15. f4
exf4 16. Bxf4 g5 17. Bxd6 gxh4 18. e5 Nd5 19. Bxb8 Qxb8 20. Nd6 Rd8 21. Bxd5
Bxd5 22. Nf5 Nxe5 23. Nxh4 Qc8 24. Qh5 Qg4 25. Qxg4 Nxg4 26. Nf5 Bc3 27. Re2
Be6 28. Rf1 Kh7 29. Re4 Rg8 30. Re2 Rg5 31. Ne7 Bd4+ 32. Kh1 Bf6 33. h4 Rh5 34.
Re4 Bxe7 35. Rxg4 Bd6 36. Rgf4 Bxf4 37. Rxf4 Rf5 0-1

[Event "Kasseler Schachtage Gruppe A"]
[Site "Vellmar"]
[Date "2009.07.31"]
[Round "2.5"]
[White "Cherny, Andrey"]
[Black "Schnegelsberg, Karl-Heinz"]
[Result "1-0"]
[WhiteElo "2204"]
[BlackElo "2011"]
[PlyCount "66"]
[EventDate "2009.??.??"]
[EventCountry "GER"]
[WhiteTeam "SK Baunatal 1963"]
[BlackTeam "SV CAISSA e. V. Kassel"]

1. e4 e6 2. Qe2 Nc6 3. Nf3 e5 4. g3 Nf6 5. Bg2 Bc5 6. c3 O-O 7. b4 Bb6 8. O-O
Re8 9. d3 d5 10. Bg5 dxe4 11. dxe4 Bg4 12. Na3 h6 13. Bc1 a6 14. Nc4 Ba7 15. h3
Bh5 16. a4 Qd7 17. g4 Nxe4 18. Qxe4 Bg6 19. Qe1 Bd3 20. Ne3 e4 21. Nd2 g6 22.
Nb3 Qd6 23. Qd2 Bxe3 24. Qxe3 Bxf1 25. Bxf1 g5 26. Be2 Rad8 27. Nc5 Qe5 28.
Nxb7 Rb8 29. Nc5 Rxb4 30. Ba3 a5 31. Nd7 Qg7 32. Bxb4 Nxb4 33. Rd1 f5 1-0

[Event "Kasseler Schachtage Gruppe A"]
[Site "Vellmar"]
[Date "2009.07.31"]
[Round "2.6"]
[White "Löwe, Lennard"]
[Black "Jaeschke, Benno"]
[Result "1/2-1/2"]
[WhiteElo "2018"]
[BlackElo "2202"]
[PlyCount "84"]
[EventDate "2009.??.??"]
[EventCountry "GER"]
[WhiteTeam "HSK-Post Hannover"]
[BlackTeam "SK 1947 Sandhausen e.V."]

1. e4 e5 2. Nf3 Nc6 3. Bb5 a6 4. Bxc6 dxc6 5. O-O Bg4 6. h3 h5 7. d3 Qf6 8. Be3
Bxf3 9. Qxf3 Qxf3 10. gxf3 Bd6 11. Nd2 Ne7 12. Rfe1 Ng6 13. Kf1 Kd7 14. Ke2 c5
15. a4 b6 16. Nc4 Be7 17. Rg1 Bf6 18. Ra2 Rae8 19. Nd2 a5 20. Nb1 Rhg8 21. Nc3
Bd8 22. Nd5 c6 23. Nc3 Bc7 24. Nb1 Nf8 25. Nd2 Ne6 26. Raa1 g6 27. c3 Ke7 28.
Nc4 Rd8 29. Bg5+ f6 30. Be3 Rb8 31. Kd2 Kf7 32. Ke2 h4 33. Rad1 Rgd8 34. Rg4 b5
35. Na3 g5 36. Rgg1 Bd6 37. axb5 cxb5 38. c4 b4 39. Nb5 a4 40. Ra1 Ra8 41. Ra2
b3 42. Ra3 Nd4+ 1/2-1/2

[Event "Kasseler Schachtage Gruppe A"]
[Site "Vellmar"]
[Date "2009.07.31"]
[Round "2.7"]
[White "Just, Wolfgang"]
[Black "Calci, Fiorino"]
[Result "1-0"]
[WhiteElo "2173"]
[BlackElo "1884"]
[PlyCount "107"]
[EventDate "2009.??.??"]
[EventCountry "GER"]
[WhiteTeam "SV Lok Leipzig-Mitte"]
[BlackTeam "SK 1950 Vellmar"]

1. e4 d5 2. exd5 Nf6 3. Nf3 Nxd5 4. d4 g6 5. Nc3 Bg7 6. Be2 Nxc3 7. bxc3 c5 8.
O-O O-O 9. Be3 Nd7 10. Qd2 b6 11. Bh6 Bb7 12. Bxg7 Kxg7 13. Qf4 Rc8 14. Rad1
Qc7 15. Qxc7 Rxc7 16. d5 c4 17. Rd4 Nf6 18. Bxc4 Rfc8 19. Ne5 b5 20. Bb3 a5 21.
a4 Rxc3 22. axb5 R8c5 23. Nc6 a4 24. Bxa4 Nxd5 25. Rfd1 e6 26. h3 Nb6 27. Bb3
Bxc6 28. bxc6 Rxc6 29. Rd8 Rc7 30. Ra1 Nd5 31. Ra4 Nb6 32. Rad4 Nd5 33. Kf1 Ne7
34. R4d7 Nd5 35. Rxc7 Rxc7 36. g3 Nf6 37. Ke2 Nd7 38. Kd2 h5 39. c3 Kf6 40. Ba4
Ne5 41. Kc2 Kf5 42. Rd4 g5 43. Bb5 Nf3 44. Rd1 h4 45. Be2 Ne5 46. gxh4 g4 47.
hxg4+ Nxg4 48. h5 f6 49. Bxg4+ Kxg4 50. h6 Rh7 51. Rh1 Kg5 52. c4 Rxh6 53. Rxh6
Kxh6 54. c5 1-0